000 00570nam a22001933 4500
001 201528
090 _a201528
100 _a20260325d u||y0pory50 ba
200 _aDiversidade e unidade em Fernando Pessoa
_fJacinto do Prado Coelho
205 _a
210 _aLisboa
_cVerbo
_dimp. 1985
215 _a268, [4] p.
_cbrochado
_d20 cm
225 _aPresenȧs
_h2
606 _93661
_aCrt̕ica Literr̀ia.Estudos Literr̀ios
675 _a82.09
_vPT
_zpor
700 _96287
_aCoelho
_bJacinto do Prado
_f1920-1984
801 _aPT
_bBMMN
_gRPC
830 _cVanda
990 _cLIVROS